[Event "4NCL Online Division 4"]
[Site "online"]
[Date "2020.05.26"]
[Round "8.143"]
[White "Putar, Lara"]
[Black "Clissold, Julian"]
[Result "1-0"]
[WhiteElo "1821"]
[BlackElo "1795"]
[PlyCount "119"]
[EventDate "2020.05.26"]
[WhiteTeam "St Benildus B"]
[BlackTeam "Manchester Juniors A"]

1. d4 d5 2. c4 c6 3. Nf3 e6 4. g3 Bd6 5. Bg2 Nf6 6. O-O Nbd7 7. b3 O-O 8. Qc2
e5 9. dxe5 Nxe5 10. cxd5 Nxd5 11. Bb2 Nxf3+ 12. Bxf3 Nf6 13. Nc3 Qe7 14. Rad1
Bh3 15. Rfe1 Rad8 16. e4 Ba3 17. Ba1 Bb4 18. e5 Nd5 19. Nxd5 cxd5 20. Re2 Be6
21. Qd3 Rd7 22. Rc2 Rfd8 23. Bd4 b6 24. Be3 Bc5 25. Bc1 g6 26. Qb5 Rc7 27. b4
a6 28. Qa4 b5 29. Qxa6 Bxb4 30. Bg5 Qxg5 31. Rxc7 Qxe5 32. Rcc1 d4 33. a3 Be7
34. Bg2 Bc4 35. Re1 Qg5 36. Rcd1 d3 37. h4 Qc5 38. a4 b4 39. Qb7 Bf8 40. g4 b3
41. Bf1 d2 42. Re3 Bxf1 43. Kxf1 Qc2 44. Qxb3 Qxb3 45. Rxb3 Rd4 46. f3 Bd6 47.
a5 Bf4 48. Ra3 Rd8 49. a6 Ra8 50. Ke2 Kf8 51. Kd3 Ke7 52. Ke4 Bd6 53. Ra4 Bg3
54. Rxd2 Bxh4 55. Rh2 g5 56. Kd5 Kd7 57. Rb2 Bg3 58. Rb7+ Ke8 59. a7 Bf4 60.
Rxf4 1-0

[Event "4NCL Online Division 4"]
[Site "online"]
[Date "2020.05.26"]
[Round "8.144"]
[White "Gardiner, Ethan"]
[Black "Murray, Benjamin"]
[Result "1-0"]
[WhiteElo "1795"]
[BlackElo "1746"]
[PlyCount "57"]
[EventDate "2020.05.26"]
[WhiteTeam "Manchester Juniors A"]
[BlackTeam "St Benildus B"]

1. e4 e6 2. d4 d5 3. Nc3 Bb4 4. e5 c5 5. a3 Bxc3+ 6. bxc3 Ne7 7. h4 Nbc6 8. h5
h6 9. Qg4 Nf5 10. Bd3 cxd4 11. Bxf5 Qa5 12. Ne2 Bd7 13. Qxg7 O-O-O 14. Bh3 dxc3
15. O-O Rdg8 16. Qf6 d4 17. Rd1 Nxe5 18. Nxd4 Qd5 19. Be3 Bc6 20. Nxc6 Qxc6 21.
Qxe5 Rxg2+ 22. Bxg2 Rg8 23. f3 Qxf3 24. Qxc3+ Kb8 25. Bxa7+ Ka8 26. Qxf3 Rxg2+
27. Qxg2 f5 28. Qf2 b6 29. Qxb6 1-0

[Event "4NCL Online Division 4"]
[Site "online"]
[Date "2020.05.26"]
[Round "8.151"]
[White "Jenkins, John"]
[Black "Breed, Greg J"]
[Result "0-1"]
[WhiteElo "2065"]
[BlackElo "1825"]
[PlyCount "74"]
[EventDate "2020.05.26"]
[WhiteTeam "Stroud The Old"]
[BlackTeam "Hatch End A"]

1. d4 d5 2. c4 e6 3. Nc3 Nf6 4. Bg5 Nbd7 5. e3 Be7 6. Nf3 h6 7. Bh4 O-O 8. Rc1
dxc4 9. Bxc4 a6 10. O-O c5 11. Qe2 b5 12. Bb3 cxd4 13. exd4 Bb7 14. Rfd1 Nb6
15. Ne5 Rc8 16. a3 Nfd5 17. Nxd5 Bxd5 18. Rxc8 Nxc8 19. Bxe7 Nxe7 20. Bc2 Qa8
21. f3 Rc8 22. Qd3 f5 23. Bb1 Qb7 24. h4 b4 25. axb4 Qxb4 26. Qxa6 Qxb2 27. Ng6
Rc7 28. Nxe7+ Rxe7 29. Qc8+ Kf7 30. Qc5 Rd7 31. h5 Qb8 32. Bd3 Qf4 33. Kf2 Rc7
34. Qb6 Rb7 35. Qc5 Rb2+ 36. Kg1 Bxf3 37. Qa7+ Kf6 0-1

[Event "4NCL Online Division 4"]
[Site "online"]
[Date "2020.05.26"]
[Round "8.152"]
[White "Phillips, William"]
[Black "Brown, Graham K"]
[Result "1-0"]
[WhiteElo "1870"]
[BlackElo "1757"]
[PlyCount "111"]
[EventDate "2020.05.26"]
[WhiteTeam "Hatch End A"]
[BlackTeam "Stroud The Old"]

1. Nf3 d6 2. g3 e5 3. d3 Nc6 4. Bg2 Nf6 5. O-O Be7 6. c4 Be6 7. b3 O-O 8. Bb2
Qd7 9. Nc3 Rad8 10. Rc1 Rfe8 11. e4 Bh3 12. Nd5 Bxg2 13. Kxg2 h6 14. Qd2 Nh7
15. Nxe7+ Nxe7 16. d4 exd4 17. Qxd4 Nf6 18. Qd3 Ng6 19. Bxf6 gxf6 20. Qe3 Kh7
21. Nd4 Qe7 22. Nf5 Qxe4+ 23. Qxe4 Rxe4 24. Rfe1 Re5 25. Nd4 a6 26. f4 Ree8 27.
Kf2 c6 28. Rxe8 Rxe8 29. Re1 Rxe1 30. Kxe1 Ne7 31. Kd2 c5 32. Nc2 h5 33. Kd3 f5
34. b4 cxb4 35. Nxb4 Kg7 36. Kc3 Kf6 37. Nd3 b6 38. Nb4 a5 39. Na6 Ke6 40. Nc7+
Kd7 41. Nb5 Nc6 42. a3 Nd8 43. Nd4 Ne6 44. Nxf5 Kc6 45. Nh6 f6 46. Ng8 f5 47.
Ne7+ Kc5 48. Nxf5 b5 49. cxb5 Kxb5 50. Nxd6+ Ka4 51. Nc4 Nc5 52. f5 Kb5 53. Kd4
Nd7 54. h3 a4 55. Nd6+ Kc6 56. Ne4 1-0

[Event "4NCL Online Division 4"]
[Site "online"]
[Date "2020.05.26"]
[Round "8.153"]
[White "Walker, Adrian"]
[Black "Hayali, Laith"]
[Result "0-1"]
[WhiteElo "1750"]
[BlackElo "1757"]
[PlyCount "76"]
[EventDate "2020.05.26"]
[WhiteTeam "Stroud The Old"]
[BlackTeam "Hatch End A"]

1. e4 e6 2. Nf3 d5 3. e5 c5 4. b4 cxb4 5. d4 Nc6 6. a3 Bd7 7. axb4 Bxb4+ 8. c3
Ba5 9. Bd3 Nge7 10. O-O a6 11. Ba3 h6 12. Nh4 b5 13. Bc5 b4 14. cxb4 Bxb4 15.
Bxb4 Nxb4 16. Be2 O-O 17. Nd2 Nec6 18. Nb3 Qxh4 19. f4 Qe7 20. Nc5 Nxd4 21.
Nxd7 Nxe2+ 22. Qxe2 Qxd7 23. Rf3 a5 24. Raf1 d4 25. f5 d3 26. Qd2 Qd4+ 27. Kh1
Qxe5 28. f6 g5 29. h4 Qe2 30. Qxe2 dxe2 31. Re1 Nc2 32. Rxe2 Nd4 33. Ref2 Nxf3
34. Rxf3 gxh4 35. Rh3 Kh7 36. Rxh4 a4 37. g4 Kg6 38. g5 hxg5 0-1

[Event "4NCL Online Division 4"]
[Site "online"]
[Date "2020.05.26"]
[Round "8.154"]
[White "Pattni, Kishan"]
[Black "Reekie-Black, Matthew"]
[Result "1-0"]
[WhiteElo "1757"]
[BlackElo "1615"]
[PlyCount "81"]
[EventDate "2020.05.26"]
[WhiteTeam "Hatch End A"]
[BlackTeam "Stroud The Old"]

1. f4 g6 2. Nf3 d5 3. e3 Bg7 4. d4 Nh6 5. c4 c6 6. Nc3 Bf5 7. cxd5 cxd5 8. Be2
a6 9. Qb3 b6 10. Qxd5 Qxd5 11. Nxd5 Nd7 12. Nc7+ Kd8 13. Nxa8 Be4 14. Nxb6 Nxb6
15. Bxa6 Nd5 16. Bb7 e6 17. Bxd5 exd5 18. O-O Ke7 19. Bd2 Rb8 20. Bc3 Nf5 21.
Rfe1 Kf8 22. Kf2 Nd6 23. Nd2 f5 24. a3 Kf7 25. Bb4 Bf8 26. Bxd6 Bxd6 27. Nxe4
Rxb2+ 28. Re2 Rxe2+ 29. Kxe2 fxe4 30. a4 Ke7 31. Rb1 Kd7 32. Rb7+ Bc7 33. Kd2
Kc6 34. Rxc7+ Kxc7 35. Kc3 Kb6 36. Kb4 Ka6 37. a5 h5 38. h4 Ka7 39. Kc5 Ka6 40.
Kxd5 Kxa5 41. Kxe4 1-0

[Event "4NCL Online Division 4"]
[Site "online"]
[Date "2020.05.26"]
[Round "8.161"]
[White "Chaplin, Peter E"]
[Black "Rathbone-Jones, Ifan"]
[Result "1/2-1/2"]
[WhiteElo "2046"]
[BlackElo "2072"]
[PlyCount "71"]
[EventDate "2020.05.26"]
[WhiteTeam "Weston Super Mare"]
[BlackTeam "To Be Decided"]

1. b3 Nf6 2. Bb2 d5 3. Nf3 c5 4. e3 Nc6 5. Bb5 Bd7 6. O-O e6 7. d3 Bd6 8. Bxc6
Bxc6 9. Ne5 Qc7 10. f4 b5 11. a4 b4 12. Nd2 Bb7 13. Qe2 O-O 14. a5 a6 15. Rf3
Nd7 16. Rh3 f6 17. Nxd7 Qxd7 18. Qh5 g6 19. Qh4 Qg7 20. e4 e5 21. fxe5 Bxe5 22.
Bxe5 fxe5 23. Re1 Rf4 24. Qg5 dxe4 25. Nxe4 Raf8 26. Rhe3 Qf7 27. h3 Bxe4 28.
Rxe4 Rxe4 29. Rxe4 Qf2+ 30. Kh2 Qxc2 31. Qxe5 Qxd3 32. Qe6+ Kh8 33. Qe5+ Kg8
34. Qe6+ Kg7 35. Qe7+ Kg8 36. Qe6+ 1/2-1/2

[Event "4NCL Online Division 4"]
[Site "online"]
[Date "2020.05.26"]
[Round "8.162"]
[White "Gurner, Jem"]
[Black "Szarka, Szilard"]
[Result "1-0"]
[WhiteElo "1975"]
[BlackElo "1895"]
[PlyCount "69"]
[EventDate "2020.05.26"]
[WhiteTeam "To Be Decided"]
[BlackTeam "Weston Super Mare"]

1. d4 Nf6 2. c4 e6 3. Nf3 d5 4. Nc3 Bb4 5. cxd5 exd5 6. Bg5 O-O 7. e3 h6 8. Bh4
Bf5 9. Bd3 Bxd3 10. Qxd3 c6 11. O-O Be7 12. Ne5 Nbd7 13. f4 Ne8 14. Bxe7 Qxe7
15. Rf3 Ndf6 16. Raf1 Nd6 17. g4 Nfe4 18. Kh1 Qh4 19. Qe2 Nxc3 20. bxc3 Ne4 21.
Qg2 Rad8 22. g5 Nxg5 23. fxg5 hxg5 24. Nxf7 Rde8 25. Rh3 Rxf7 26. Rxh4 Rxf1+
27. Qxf1 gxh4 28. Qf4 Re4 29. Qb8+ Kh7 30. Qxb7 Rxe3 31. Qxc6 h3 32. Kg1 Re2
33. Qxd5 Rd2 34. Qh5+ Kg8 35. Qxh3 1-0

[Event "4NCL Online Division 4"]
[Site "online"]
[Date "2020.05.26"]
[Round "8.163"]
[White "Isaac, Oliver T"]
[Black "Vanjare, Aditya"]
[Result "0-1"]
[WhiteElo "1682"]
[BlackElo "1705"]
[PlyCount "126"]
[EventDate "2020.05.26"]
[WhiteTeam "Weston Super Mare"]
[BlackTeam "To Be Decided"]

1. d4 Nf6 2. Bf4 d6 3. e3 g6 4. Nf3 Bg7 5. Be2 O-O 6. h3 Nbd7 7. O-O b6 8. c3
Bb7 9. a4 Re8 10. Na3 e5 11. Bh2 a6 12. dxe5 dxe5 13. Nc4 e4 14. Nd4 Rc8 15.
Qc2 Nc5 16. Rfd1 Qe7 17. b4 Ne6 18. b5 Nxd4 19. cxd4 Nd5 20. Ne5 Nb4 21. Qb3 a5
22. Rac1 Bd5 23. Bc4 Qe6 24. Bxd5 Qxd5 25. Qxd5 Nxd5 26. Nc6 f5 27. Rd2 g5 28.
Kf1 f4 29. Ke2 Kf7 30. Rdc2 Bf8 31. Ne5+ Ke6 32. Rc6+ Bd6 33. Nc4 Kd7 34. Nxd6
cxd6 35. exf4 gxf4 36. Rxc8 Rxc8 37. Rxc8 Kxc8 38. Kd2 Kd7 39. Ke2 Ke6 40. f3
Kf5 41. g4+ fxg3 42. fxe4+ Kxe4 43. Bxg3 Nc3+ 44. Kd2 Nxa4 45. Bxd6 Kxd4 46. h4
Kc4 47. Ke3 Kxb5 48. Kf4 Nc5 49. h5 a4 50. Be7 a3 51. Bf6 Kb4 52. Ba1 Kc4 53.
Kg5 b5 54. Kh6 b4 55. Kxh7 b3 56. h6 b2 57. Bxb2 axb2 58. Kg8 b1=Q 59. h7 Qg6+
60. Kh8 Qf5 61. Kg8 Ne6 62. h8=Q Qg6+ 63. Qg7 Qxg7# 0-1

[Event "4NCL Online Division 4"]
[Site "online"]
[Date "2020.05.26"]
[Round "8.164"]
[White "Jaberansari, Daniel"]
[Black "Murphy, Jack"]
[Result "1-0"]
[WhiteElo "1645"]
[BlackElo "1502"]
[PlyCount "53"]
[EventDate "2020.05.26"]
[WhiteTeam "To Be Decided"]
[BlackTeam "Weston Super Mare"]

1. e4 e5 2. Nf3 Nc6 3. d4 exd4 4. Nxd4 Nf6 5. Nxc6 bxc6 6. e5 Nd5 7. c4 Nb6 8.
b3 d5 9. Nd2 Bb4 10. Qf3 O-O 11. Bd3 Be6 12. O-O Bxd2 13. Bxd2 dxc4 14. bxc4
Bxc4 15. Bxc4 Nxc4 16. Bc3 Qd5 17. Qg3 Qe6 18. f4 Qg6 19. Qf3 Rad8 20. f5 Qh6
21. Rae1 Nd2 22. Bxd2 Rxd2 23. e6 Rxa2 24. exf7+ Kh8 25. Re8 g6 26. Rxf8+ Qxf8
27. Qc3+ 1-0

[Event "4NCL Online Division 4"]
[Site "online"]
[Date "2020.06.02"]
[Round "9.11"]
[White "Boumphrey, Luke S"]
[Black "Manmay Chopra"]
[Result "1-0"]
[WhiteElo "2020"]
[BlackElo "1855"]
[PlyCount "84"]
[EventDate "2020.06.02"]
[WhiteTeam "Atticus B"]
[BlackTeam "Harrow 3"]

1. e4 e6 2. d4 d5 3. Nd2 Be7 4. Bd3 c5 5. c3 Nc6 6. Ne2 cxd4 7. cxd4 dxe4 8.
Nxe4 Nf6 9. N4g3 O-O 10. O-O h6 11. b3 b6 12. Bb2 Bb7 13. Rc1 Rc8 14. Bb1 Re8
15. Nf4 Nb4 16. Ngh5 Nxh5 17. Nxh5 Qd5 18. Qg4 Qg5 19. Qxg5 Bxg5 20. f4 Be7 21.
d5 g6 22. d6 Rxc1 23. Rxc1 gxh5 24. dxe7 Nd5 25. Ba3 f5 26. Bd3 a6 27. g3 Kf7
28. Be2 Kg6 29. Bf3 b5 30. Bd6 Ba8 31. Re1 Nf6 32. Bxa8 Rxa8 33. Rxe6 Kf7 34.
Re5 Kg6 35. Bc7 Re8 36. Bd8 Ng4 37. Re6+ Kf7 38. Rxa6 Ne3 39. Rb6 Nd5 40. Rb7
Nf6 41. Rxb5 Ng8 42. Rxf5+ Ke6 1-0

[Event "4NCL Online Division 4"]
[Site "online"]
[Date "2020.06.02"]
[Round "9.12"]
[White "Stotz, Martin"]
[Black "Rothwell, James P"]
[Result "0-1"]
[WhiteElo "1780"]
[BlackElo "1892"]
[PlyCount "54"]
[EventDate "2020.06.02"]
[WhiteTeam "Harrow 3"]
[BlackTeam "Atticus B"]

1. d4 Nf6 2. Bf4 c5 3. e3 Qb6 4. Nc3 e6 5. Nf3 a6 6. Rb1 d5 7. Be2 Nc6 8. O-O
cxd4 9. exd4 Be7 10. h3 O-O 11. a3 Bd7 12. Qd3 Rac8 13. b4 Na7 14. Rfc1 Bb5 15.
Nxb5 Nxb5 16. Rb3 Nd6 17. Ne5 Nc4 18. Bg5 Qd8 19. b5 a5 20. a4 Nd7 21. Bxe7
Qxe7 22. Nxd7 Qxd7 23. Qg3 Nd2 24. Re3 Ne4 25. Qf3 f5 26. c4 dxc4 27. Rxc4 Nd2
0-1

[Event "4NCL Online Division 4"]
[Site "online"]
[Date "2020.06.02"]
[Round "9.13"]
[White "Banerjee, Sanjoy K"]
[Black "O'Neill, Richard"]
[Result "0-1"]
[WhiteElo "1720"]
[BlackElo "1645"]
[PlyCount "76"]
[EventDate "2020.06.02"]
[WhiteTeam "Atticus B"]
[BlackTeam "Harrow 3"]

1. e4 d5 2. exd5 Nf6 3. d4 c6 4. Bf4 Nxd5 5. Bg3 Qb6 6. b3 e6 7. Qd2 c5 8. Nf3
cxd4 9. Nxd4 Bc5 10. Nb5 a6 11. c4 axb5 12. cxd5 O-O 13. Be2 Bd4 14. Bc7 Qc5
15. Bd6 Bxf2+ 16. Kf1 Qd4 17. Qc3 Rd8 18. Be5 Qxc3 19. Bxc3 Be3 20. dxe6 Bxe6
21. Bxb5 Rd1+ 22. Be1 Bd4 23. Be2 Rc1 24. Bf3 Bxa1 25. Bxb7 Rxa2 26. Be4 Bxb3
27. Nd2 Be6 28. Nf3 Bc3 29. h3 Bc4+ 30. Kg1 Bxe1 31. Nxe1 Rxe1+ 32. Kh2 Rxe4
33. Re1 Rxe1 34. Kg3 Nd7 35. Kh4 Nf6 36. g4 Re4 37. Kg5 h6+ 38. Kf5 Be6# 0-1

[Event "4NCL Online Division 4"]
[Site "online"]
[Date "2020.06.02"]
[Round "9.14"]
[White "Stott, David A"]
[Black "Blasczyk, Martin"]
[Result "0-1"]
[WhiteElo "1510"]
[BlackElo "1690"]
[PlyCount "72"]
[EventDate "2020.06.02"]
[WhiteTeam "Harrow 3"]
[BlackTeam "Atticus B"]

1. e4 e5 2. Nf3 Nc6 3. Bb5 a6 4. Ba4 Nf6 5. O-O Be7 6. Re1 b5 7. Bb3 O-O 8. a3
d6 9. d4 exd4 10. Nxd4 Nxd4 11. Qxd4 c5 12. Qd1 c4 13. Ba2 Bb7 14. Nc3 d5 15.
exd5 Nxd5 16. Nxd5 Bxd5 17. Bf4 Bc5 18. Bg3 Be6 19. Kf1 Qf6 20. Qe2 Rad8 21.
Rad1 Qxb2 22. Rxd8 Rxd8 23. Bb1 Qxa3 24. Qe5 Bd6 25. Rd1 Be7 26. Rxd8+ Bxd8 27.
Qe1 Qe7 28. c3 g6 29. Be5 a5 30. Qd2 Qg5 31. Bf4 Qd5 32. Qe2 Bf6 33. Be4 Qd7
34. Qc2 b4 35. cxb4 axb4 36. Qb1 b3 0-1

[Event "4NCL Online Division 4"]
[Site "online"]
[Date "2020.06.02"]
[Round "9.21"]
[White "Dupuis, Denis K"]
[Black "Rossiter, Alex"]
[Result "1-0"]
[WhiteElo "1870"]
[BlackElo "1997"]
[PlyCount "97"]
[EventDate "2020.06.02"]
[WhiteTeam "Battersea Howitzers"]
[BlackTeam "Bristol Cabot Blackbeards"]

1. e4 e5 2. Nf3 Nc6 3. Bc4 Nf6 4. d3 Be7 5. O-O O-O 6. c3 d6 7. Re1 Na5 8. Bb5
a6 9. Ba4 c5 10. Nbd2 b5 11. Bc2 Nc6 12. Nf1 h6 13. Ng3 Re8 14. d4 cxd4 15.
cxd4 exd4 16. Nxd4 Nxd4 17. Qxd4 Be6 18. Bf4 d5 19. e5 Nd7 20. Qd3 Nf8 21. Rad1
Bg5 22. Bd2 Bxd2 23. Rxd2 Qg5 24. Qd4 Ng6 25. Bxg6 Qxg6 26. Ne2 Red8 27. Nf4
Qf5 28. Nd3 Rac8 29. Nc5 Rc6 30. b4 Bc8 31. Qh4 g5 32. Qd4 Kf8 33. e6 fxe6 34.
Qh8+ Ke7 35. Qg7+ Kd6 36. Qxh6 Kc7 37. Qg7+ Kb8 38. Qe7 Rf8 39. f3 Rf7 40. Qe8
Kc7 41. Rde2 a5 42. a3 axb4 43. axb4 Bd7 44. Qa8 Re7 45. Ra2 d4 46. Ne4 Bc8 47.
Ra7+ Kb6 48. Rb7+ Bxb7 49. Qa5# 1-0

[Event "4NCL Online Division 4"]
[Site "online"]
[Date "2020.06.02"]
[Round "9.22"]
[White "Turner, Lewis A"]
[Black "Buanne, Luca"]
[Result "1-0"]
[WhiteElo "1802"]
[BlackElo "1922"]
[PlyCount "125"]
[EventDate "2020.06.02"]
[WhiteTeam "Bristol Cabot Blackbeards"]
[BlackTeam "Battersea Howitzers"]

1. d4 Nf6 2. c4 e6 3. Nc3 Bb4 4. e3 O-O 5. Bd3 d5 6. Nge2 c5 7. a3 Bxc3+ 8.
Nxc3 cxd4 9. exd4 dxc4 10. Bxc4 b6 11. O-O Qc7 12. Qe2 Bb7 13. Bg5 Nbd7 14.
Rac1 Qd6 15. Rfd1 Bd5 16. Nb5 Bxc4 17. Qxc4 Qd5 18. Qxd5 Nxd5 19. Nc7 Nxc7 20.
Rxc7 Nf6 21. Bxf6 gxf6 22. d5 Rfc8 23. d6 Kf8 24. Rdc1 Rxc7 25. Rxc7 Rd8 26. d7
a5 27. Kf1 Ke7 28. Rb7 Rxd7 29. Rxb6 Rd2 30. Ke1 Rc2 31. Rb7+ Kf8 32. b4 axb4
33. axb4 Rb2 34. b5 f5 35. g3 h5 36. h4 f4 37. gxf4 Rb4 38. b6 Rxf4 39. Rc7 Kg7
40. b7 Rb4 41. Kd2 Kg6 42. Kc3 Rb1 43. Kd4 f6 44. Kc5 Kf5 45. Kd6 e5 46. Rg7 e4
47. Kc7 Kf4 48. b8=Q Rxb8 49. Kxb8 Kf3 50. Rh7 Kg4 51. Kc7 Kxh4 52. Kd6 Kg4 53.
Rf7 f5 54. Ke5 h4 55. Rxf5 h3 56. Rf4+ Kg5 57. Rxe4 h2 58. f4+ Kg4 59. Re1 Kg3
60. f5 Kg2 61. f6 h1=Q 62. Rxh1 Kxh1 63. f7 1-0

[Event "4NCL Online Division 4"]
[Site "online"]
[Date "2020.06.02"]
[Round "9.23"]
[White "Mellor, Jessica"]
[Black "Marston, Alastair"]
[Result "0-1"]
[WhiteElo "1870"]
[BlackElo "1720"]
[PlyCount "104"]
[EventDate "2020.06.02"]
[WhiteTeam "Battersea Howitzers"]
[BlackTeam "Bristol Cabot Blackbeards"]

1. e4 e6 2. d4 d5 3. e5 c5 4. c3 Nc6 5. Nf3 Bd7 6. Be2 Nge7 7. O-O Nf5 8. g4
Nh4 9. Nxh4 Qxh4 10. f4 f6 11. Be3 fxe5 12. fxe5 Be7 13. Qd2 O-O-O 14. Na3 a6
15. Rf7 Rdf8 16. Raf1 Rxf7 17. Rxf7 Be8 18. Rf1 h5 19. g5 Bg6 20. Rf4 Qxg5+ 21.
Rg4 Qxg4+ 22. Bxg4 hxg4 23. Bg5 Bf8 24. Nc2 g3 25. h4 Be4 26. Ne3 cxd4 27. cxd4
Bb4 28. Qd1 Rf8 29. Nf1 g2 30. Ne3 Rf3 31. Kh2 Rf2 32. a3 Bd2 33. Qh5 Kb8 34.
Qh8+ Ka7 35. Qxg7 Re2 36. Qh6 Nxd4 37. Qf8 Nf3+ 38. Kh3 Nxg5+ 39. hxg5 Rxe3+
40. Kh2 Ba5 41. g6 Re1 42. Qf2+ Bb6 43. g7 g1=Q+ 44. Qxg1 Rxg1 45. b4 Rxg7 46.
b5 Be3 47. b6+ Kxb6 48. a4 Bd4 49. a5+ Kxa5 50. Kh3 Bxe5 51. Kh4 Bf5 52. Kh5
Bf6 0-1

[Event "4NCL Online Division 4"]
[Site "online"]
[Date "2020.06.02"]
[Round "9.24"]
[White "Roberts, Mike"]
[Black "Steiners, Emils"]
[Result "0-1"]
[WhiteElo "1450"]
[BlackElo "1405"]
[PlyCount "110"]
[EventDate "2020.06.02"]
[WhiteTeam "Bristol Cabot Blackbeards"]
[BlackTeam "Battersea Howitzers"]

1. d4 d5 2. Bf4 Nf6 3. h3 c5 4. e3 Nc6 5. Bb5 Qb6 6. Bxc6+ bxc6 7. b3 e6 8. Ne2
cxd4 9. exd4 Be7 10. O-O O-O 11. Bg5 h6 12. Bh4 Ba6 13. c3 Rfe8 14. Nd2 Nd7 15.
Bg3 c5 16. Re1 Bxe2 17. Qxe2 cxd4 18. cxd4 Qxd4 19. Nf3 Qb6 20. Bf4 Rac8 21.
Be3 Bc5 22. Bxc5 Nxc5 23. Rf1 Ne4 24. Kh1 Rc7 25. Rac1 Rxc1 26. Rxc1 Nxf2+ 27.
Kh2 Ne4 28. Qc2 Qf2 29. Qxf2 Nxf2 30. Kg1 Ne4 31. Rc7 Ra8 32. Ne5 f6 33. Nc6 a5
34. Nd4 e5 35. Ne6 g5 36. Ng7 Rf8 37. Nf5 h5 38. Ra7 d4 39. Rxa5 d3 40. Rd5 d2
41. Ne3 Rc8 42. Nc4 Ra8 43. Nxd2 Nc3 44. Rd6 Rxa2 45. Nc4 Ra1+ 46. Kh2 Kf7 47.
Rb6 Re1 48. Nd6+ Ke7 49. Nc8+ Kd7 50. Na7 e4 51. Rxf6 e3 52. Rf3 e2 53. Rd3+
Nd5 54. Rd2 Rh1+ 55. Kxh1 e1=Q+ 0-1

[Event "4NCL Online Division 4"]
[Site "online"]
[Date "2020.06.02"]
[Round "9.31"]
[White "Dean, Robert A"]
[Black "Tomlinson, Zak"]
[Result "0-1"]
[WhiteElo "1744"]
[BlackElo "1802"]
[PlyCount "70"]
[EventDate "2020.06.02"]
[WhiteTeam "Bradford DCA Knights B"]
[BlackTeam "Chessmates"]

1. e4 e5 2. Nf3 Nc6 3. Bb5 Nf6 4. O-O Nxe4 5. d4 Nd6 6. Bxc6 dxc6 7. dxe5 Nf5
8. Qe2 Bc5 9. Rd1 Bd7 10. Nc3 Qe7 11. Ne4 h6 12. Nxc5 Qxc5 13. Bf4 O-O-O 14.
Qe4 Be6 15. b4 Qc4 16. Qxc4 Bxc4 17. a4 Rxd1+ 18. Rxd1 Be2 19. Rd2 Bxf3 20.
gxf3 Rd8 21. Rxd8+ Kxd8 22. Be3 a6 23. f4 Kd7 24. Kf1 Ke6 25. Ke2 Ne7 26. Kd3
Kf5 27. c4 Ng6 28. Ke2 Nxf4+ 29. Kf3 Ne6 30. Kg3 Kxe5 31. f4+ Ke4 32. Bc1 f5
33. h4 h5 34. Bd2 Kd3 35. Be1 Kxc4 0-1

[Event "4NCL Online Division 4"]
[Site "online"]
[Date "2020.06.02"]
[Round "9.32"]
[White "Fisher, Neal"]
[Black "Tait, Bill"]
[Result "1-0"]
[WhiteElo "1720"]
[BlackElo "1640"]
[PlyCount "83"]
[EventDate "2020.06.02"]
[WhiteTeam "Chessmates"]
[BlackTeam "Bradford DCA Knights B"]

1. d4 d5 2. Bf4 Nf6 3. e3 c6 4. c3 Bf5 5. Nd2 h6 6. h4 Nbd7 7. Be2 e6 8. h5 Nb6
9. a4 a5 10. Ngf3 Bd6 11. Ne5 Ne4 12. g4 Bh7 13. f3 Nxd2 14. Qxd2 Qc7 15. b3
Nd7 16. Nxd7 Qxd7 17. Bd3 Bxd3 18. Qxd3 Qc7 19. Bxd6 Qxd6 20. Ke2 Ke7 21. Rag1
c5 22. g5 cxd4 23. Qxd4 e5 24. Qh4 Kf8 25. g6 f6 26. Rd1 Ke7 27. c4 Qa6 28.
Rxd5 Rhd8 29. Rxe5+ Kf8 30. Rb5 Rd7 31. Qf2 Rad8 32. Qe1 Rd3 33. Qc1 Qd6 34.
Rd5 Rxd5 35. cxd5 Qe5 36. Qc5+ Ke8 37. Qb5+ Ke7 38. Qxb7+ Rd7 39. Qb5 Rxd5 40.
Qb7+ Kd6 41. Qb8+ Kc5 42. Rc1+ 1-0

[Event "4NCL Online Division 4"]
[Site "online"]
[Date "2020.06.02"]
[Round "9.33"]
[White "Gallagher, Dominic"]
[Black "Webster, Vivien"]
[Result "1-0"]
[WhiteElo "1570"]
[BlackElo "1720"]
[PlyCount "117"]
[EventDate "2020.06.02"]
[WhiteTeam "Bradford DCA Knights B"]
[BlackTeam "Chessmates"]

1. d4 b6 2. Bf4 Bb7 3. e3 e6 4. c3 h6 5. Nf3 Nf6 6. Nbd2 Be7 7. Bd3 d6 8. Qe2
Nbd7 9. e4 O-O 10. Rd1 Nh5 11. Be3 c5 12. O-O Nhf6 13. e5 dxe5 14. dxe5 Ng4 15.
Bf4 Bg5 16. Nxg5 hxg5 17. Qxg4 gxf4 18. Qxf4 f5 19. exf6 Nxf6 20. Qg3 Nh5 21.
Qh3 Bxg2 22. Qxh5 Qxd3 23. Kxg2 Rf5 24. Qg4 Raf8 25. Qe4 Rg5+ 26. Kh1 Qh3 27.
Rde1 Kh8 28. Re3 Qh6 29. Qxe6 Rf6 30. Qc8+ Kh7 31. Rh3 Rh5 32. Rxh5 Qxh5 33.
Qd8 Qf5 34. Qa8 Re6 35. Qf3 Qe5 36. Qd3+ Kg8 37. Nf3 Qf6 38. Rd1 Kf7 39. Qd5
Kg6 40. Rg1+ Kh6 41. Qd2+ g5 42. Nxg5 Qe7 43. Nxe6+ Kh7 44. Rg7+ Qxg7 45. Nxg7
Kxg7 46. Qd7+ Kf6 47. Qxa7 Ke5 48. Qxb6 Kf4 49. Qxc5 Kf3 50. h4 Kg4 51. h5 Kf4
52. Kg2 Ke4 53. h6 Kf4 54. h7 Ke4 55. h8=R Kf4 56. Re8 Kg4 57. Qe7 Kf4 58. Qf7+
Kg4 59. Rg8+ 1-0

[Event "4NCL Online Division 4"]
[Site "online"]
[Date "2020.06.02"]
[Round "9.34"]
[White "Harris, John"]
[Black "Waite, Nicholas"]
[Result "1-0"]
[WhiteElo "1712"]
[BlackElo "1412"]
[PlyCount "59"]
[EventDate "2020.06.02"]
[WhiteTeam "Chessmates"]
[BlackTeam "Bradford DCA Knights B"]

1. e4 d6 2. d4 Nf6 3. Nc3 Nbd7 4. e5 dxe5 5. dxe5 Nxe5 6. Qxd8+ Kxd8 7. Bf4 Ng6
8. O-O-O+ Nd7 9. Bg3 a6 10. Bc4 Ke8 11. Bxc7 b5 12. Bd3 e6 13. Be4 Ra7 14. Ba5
Nge5 15. Nce2 Nc4 16. Bc3 b4 17. Bd4 Rc7 18. Nf3 b3 19. axb3 Na5 20. Kb1 Nc6
21. Bc3 Be7 22. Bxg7 Rg8 23. Bc3 f5 24. Bxc6 Rxc6 25. Nfd4 Rd6 26. Bb4 Rd5 27.
Bxe7 Kxe7 28. Rhe1 Rd6 29. Nf4 Nc5 30. Nxf5+ 1-0

[Event "4NCL Online Division 4"]
[Site "online"]
[Date "2020.06.02"]
[Round "9.41"]
[White "Morgan, Jamie"]
[Black "Chaplin, Peter E"]
[Result "1/2-1/2"]
[WhiteElo "1877"]
[BlackElo "2046"]
[PlyCount "36"]
[EventDate "2020.06.02"]
[WhiteTeam "Camborne & Redruth"]
[BlackTeam "Weston Super Mare"]

1. e4 c5 2. Nc3 Nc6 3. f4 e6 4. Nf3 d5 5. Bb5 Nge7 6. O-O g6 7. Ne5 Bg7 8. Nxc6
bxc6 9. Be2 d4 10. Na4 Qa5 11. c3 O-O 12. c4 d3 13. Bxd3 Rd8 14. Qc2 Rxd3 15.
Qxd3 Qxa4 16. Qd8+ Bf8 17. b3 Qa6 18. Bb2 Qb7 1/2-1/2

[Event "4NCL Online Division 4"]
[Site "online"]
[Date "2020.06.02"]
[Round "9.42"]
[White "Szarka, Szilard"]
[Black "Gill, Percy TP"]
[Result "0-1"]
[WhiteElo "1895"]
[BlackElo "1810"]
[PlyCount "64"]
[EventDate "2020.06.02"]
[WhiteTeam "Weston Super Mare"]
[BlackTeam "Camborne & Redruth"]

1. d4 Nf6 2. Bf4 e6 3. e3 d5 4. c3 Bd6 5. Bd3 Bxf4 6. exf4 O-O 7. Nf3 b6 8.
Nbd2 c5 9. Ne5 Ba6 10. Ndf3 Bxd3 11. Qxd3 Ne4 12. Nd2 Nd6 13. h4 f6 14. Nef3 c4
15. Qe2 Qd7 16. h5 Nc6 17. O-O-O Rae8 18. Rde1 b5 19. a3 a5 20. g4 b4 21. axb4
axb4 22. Nb1 bxc3 23. Nxc3 Nb4 24. g5 Nd3+ 25. Kd2 Nxe1 26. Rxe1 fxg5 27. fxg5
Qf7 28. Ne5 Qxf2 29. h6 Qxd4+ 30. Kc1 Rf2 31. Qe3 Qxe3+ 32. Rxe3 d4 0-1

[Event "4NCL Online Division 4"]
[Site "online"]
[Date "2020.06.02"]
[Round "9.43"]
[White "Smith, Richard AL"]
[Black "Isaac, Oliver T"]
[Result "0-1"]
[WhiteElo "1787"]
[BlackElo "1682"]
[PlyCount "90"]
[EventDate "2020.06.02"]
[WhiteTeam "Camborne & Redruth"]
[BlackTeam "Weston Super Mare"]

1. e4 d5 2. exd5 Nf6 3. Nc3 Nxd5 4. d4 Nxc3 5. bxc3 g6 6. Bc4 Bg7 7. Nf3 O-O 8.
O-O c5 9. Re1 e6 10. Ba3 Qc7 11. Bxc5 Rd8 12. Qe2 b6 13. Ba3 Nc6 14. Rad1 Na5
15. Bb3 Qxc3 16. Rd3 Qc7 17. Qd2 Bb7 18. Ne5 Rac8 19. c3 Nxb3 20. axb3 Ba6 21.
Rf3 Bxe5 22. Rxe5 Qxe5 23. Be7 Rd7 24. Bf6 Qe2 25. Qc1 h5 26. h3 Kh7 27. Qg5
Rxc3 28. Rxc3 Qe1+ 29. Kh2 Qxc3 30. Be5 Qc8 31. g4 Qd8 32. Bf6 Qb8+ 33. Be5 Qf8
34. gxh5 gxh5 35. Qxh5+ Qh6 36. Qf3 Bb7 37. Qd3+ Qg6 38. Qg3 Qxg3+ 39. fxg3 Kg6
40. h4 f6 41. h5+ Kg5 42. Bf4+ Kxh5 43. Kh3 Rxd4 44. g4+ Kg6 45. Bg3 Bf3 0-1